ਕਹੈ ਕਬੀਰ ਦੀਵਾਨਾ (Record no. 1413950)

MARC details
000 -LEADER
fixed length control field 00895nam a22002417a 4500
005 - DATE AND TIME OF LATEST TRANSACTION
control field 20250516162017.0
008 - FIXED-LENGTH DATA ELEMENTS--GENERAL INFORMATION
fixed length control field 250516b |||||||| |||| 00| 0 eng d
020 ## - INTERNATIONAL STANDARD BOOK NUMBER
International Standard Book Number 978-81-19857-18-0 (hbk)
037 ## - SOURCE OF ACQUISITION
Terms of availability TB
040 ## - CATALOGING SOURCE
Original cataloging agency CRL
Transcribing agency CRL
041 ## - LANGUAGE CODE
Source of code Pun
Language code of text/sound track or separate title Pun
084 ## - COLON CLASSIFICATION NUMBER
Classification number O152,1I00x 153R4
Assigning agency CRL
100 ## - MAIN ENTRY--PERSONAL NAME
Personal name ਓਸ਼ੋਂ
9 (RLIN) 795912
245 ## - TITLE STATEMENT
Title ਕਹੈ ਕਬੀਰ ਦੀਵਾਨਾ
260 ## - PUBLICATION, DISTRIBUTION, ETC.
Place of publication, distribution, etc. ਪਟਿਆਲਾ, ਭਾਰਤ:
Name of publisher, distributor, etc. ਔਟਉਮੰ ਆਰਟ,
Date of publication, distribution, etc. 2024.
300 ## - PHYSICAL DESCRIPTION
Extent 276ਪ.
365 ## - TRADE PRICE
Price amount 450.00
Currency code INR
650 ## - SUBJECT ADDED ENTRY--TOPICAL TERM
Topical term or geographic name entry element ਹਿੰਦੀ ਸਾਹਿਤ
9 (RLIN) 795913
650 ## - SUBJECT ADDED ENTRY--TOPICAL TERM
Topical term or geographic name entry element ਹਿੰਦੀ ਕਾਵਿ
9 (RLIN) 795914
700 ## - ADDED ENTRY--PERSONAL NAME
Personal name ਨੱਯਰ, ਵਿਕਾਸ
Relator term ਅਨੁਵਾਦਕ
9 (RLIN) 795916
942 ## - ADDED ENTRY ELEMENTS (KOHA)
Source of classification or shelving scheme Colon Classification (CC)
Koha item type Textbook
Classification part O152,1I00x 153R4
Suppress in OPAC No
Holdings
Withdrawn status Lost status Source of classification or shelving scheme Damaged status Not for loan Home library Current library Date acquired Source of acquisition Cost, normal purchase price Inventory number Total Checkouts Full call number Barcode Date last seen Price effective from Koha item type
    Colon Classification (CC)     Central Library Central Library 2025-05-16 H.K. Prakashan 450.00 1700 & 27/01/2025   O152,1I00x 153R4 CL1682803 2025-05-16 2025-05-16 Textbook
Copyright @ Delhi University Library System